000 00628nam a2200241Ia 4500
003 OSt
005 20221007072224.0
006 a|||||r|||| 00| 0
007 ta
008 221006b |||||||| |||| 00| 0 eng d
020 _a0803916728
024 _a19,144
037 _cTextual
040 _aFLL
_cFLL
_beng
041 _2eng
_aeng
082 _aZ,805, M1
100 _aCole George F.
_9318145
245 0 _aMajor criminal justice systems
260 _aLondon
_bSage Publications England
_c1981
300 _a234p
_ccm.
942 _hZ,805, M1
_cTEXL
_2CC
999 _c1145467
_d1145467